Statistiken für Watchmojo: Die 20 besten Filme

Klicken Sie hier um das Quiz zu spielen!

Allgemein

  • Dieses Quiz wurde 100 mal gespielt
  • Das Durchschnittsergebnis liegt bei 5 aus 20

Antwortstatistiken

PlatzFilmJahr% Korrekt
1.Der Pate1972
67%
4.Das Imperium schlägt zurück1980
64%
7.Der Herr der Ringe: Die Rückkehr des Königs2003
48%
10.The Dark Knight2008
44%
6.Pulp Fiction1994
42%
5.Schindlers Liste1993
42%
12.Casablanca1942
38%
13.Die Verurteilten1994
38%
3.Psycho1960
28%
9.Good Fellas - Drei Jahrzehnte in der Mafia1990
23%
2.Citizen Kane1941
20%
16.Die zwölf Geschworenen1957
19%
8.2001: Odyssee im Weltraum1968
15%
18.Apocalypse Now1979
11%
14.Der Zauberer von Oz1939
11%
17.Zwei glorreiche Halunken1966
11%
19.No Country for Old Men2007
9%
11.Du sollst mein Glücksstern sein1952
6%
20.Mad Max: Fury Road2015
6%
15.There Will Be Blood2007
5%

Verteilung der Resultate

Perzentil nach korrekt beantworteten Fragen

Anzahl Personen mit jedem Resultat

Ihre Resultats-Entwicklung

Sie haben dieses Quiz noch nicht gespielt